| 000 | 00503nam a22001937a 4500 | ||
|---|---|---|---|
| 003 | NUST - PNEC | ||
| 005 | 20170116181045.0 | ||
| 008 | 150924b xxu||||| |||| 00| 0 eng d | ||
| 020 | _a8177581589 | ||
| 020 | _a0131189050 | ||
| 040 | _cLIBRARY | ||
| 082 | _2621.3815 BOY | ||
| 100 |
_911712 _aBoylestad, Robert L. |
||
| 245 |
_aElectronic devices and circuit theory _cRobert L. Boylestad |
||
| 250 | _a9th ed. | ||
| 260 | _ac.2006 | ||
| 650 |
_911713 _aElectronic circuits _xME |
||
| 942 |
_2ddc _cBK |
||
| 999 |
_c68238 _d68238 |
||